River channel changes. (Record no. 169682)
[ view plain ]
| 000 -LEADER | |
|---|---|
| fixed length control field | 00636cam1a220021700 4500 |
| 001 - CONTROL NUMBER | |
| control field | zam00002192 |
| 008 - FIXED-LENGTH DATA ELEMENTS--GENERAL INFORMATION | |
| fixed length control field | 951128s1977 xx eng u |
| 035 ## - SYSTEM CONTROL NUMBER | |
| System control number | (Sirsi) r19571 |
| 035 ## - SYSTEM CONTROL NUMBER | |
| System control number | (MACHINE)SLC. |
| 100 1# - MAIN ENTRY--PERSONAL NAME | |
| Personal name | Gregory, K. J. (Kenneth John) |
| Fuller form of name | Gregory, K. J. (Kenneth John) |
| Linkage | A12101.1 |
| 245 10 - TITLE STATEMENT | |
| Title | River channel changes. |
| 260 ## - PUBLICATION, DISTRIBUTION, ETC. | |
| Date of publication, distribution, etc. | 1977. |
| 591 ## - | |
| -- | Class code: G 911. |
| 591 ## - | |
| -- | Course: Advanced geomorphology. |
| 591 ## - | |
| -- | School: S09. |
| 591 ## - | |
| -- | Lecturer: Mr. MBINJI, M. |
| 591 ## - | |
| -- | Number of Students: 55. |
| 949 ## - LOCAL PROCESSING INFORMATION (OCLC) | |
| a | GB561 |
| w | lcc |
| m | MAIN |
| p | 2500 |
| t | SHORTLOAN |
| l | SHORTLOAN |
| 909 ## - | |
| -- | Book |
No items available.